000 00596nam a2200217Ia 4500
003 GCL
008 140319s9999 xx 000 0 eng d
040 _aGCL /
_cGCL
082 0 4 _a006.6
_bC H
100 1 _aCOUWENBERGH, JEAN PIERRE
245 1 0 _aHARVARD GRAPHICS FACILE POUR WINDOWS /
_cCOUWENBERGH, JEAN PIERRE
260 _a[S.N] :
_bMARABOUT UNIVERSITE ،
_c1994
300 _a467 P
490 _aMARABOUT
_v0
650 0 4 _aCOMPUTER SOFTWARE
650 0 4 _aWINDOWS
650 0 4 _aCOMPUTER PROGRM
650 0 4 _aCOMPUTER - PROGRAMMERS
650 0 4 _aCOMPUTER GRAPHICS
942 _2ddc
_cBK
999 _c22616
_d22616